00970pam a2200277 a 45000010008000000030005000080050017000130080041000300100017000710200015000880400018001030500021001210820012001421000020001542450084001742460028002582460097002862500012003832600045003953000046004405000095004865040051005816500015006327000019006477000026006662127853LRUA20230323164738.0971222s1998 maua b 001 0 eng  a 97053179  a0801627281 aDLCcDLCdDLC00aQD33b.K327 199900a5402211 aKelter, Paul B.10aChemistry :ba world of choices /cPaul B. Kelter, James D. Carr, Andrew Scott.1 iTitle from box:aImpact1 iTitle from box:aDo you let the world happen to you, or do you make an impact on your world? a1st ed. aBoston, Mass. :bWCB/McGraw-Hill,c1998. axiv, 589 p. :bill. (some col.) ;c28 cm. aIssued in a box (33 cm.) with book title on spine; one leaf attached to the inside of box. aIncludes bibliographical references and index. 0aChemistry.1 aCarr, James D.1 aScott, Andrew,d1955-